000
00210 a2200097 4500
001
10839
100
_a
Lippmann, W.
245
_a
The Public Philosophy
260
_a
_b
Atlantic Montbly
_c
090
_c
8416
_d
8416
942
_a
NUST-CAE
_c
M
_c
35174
999
_c
245912
_d
245912